[Event "Magistral Szmetan Giardelli 2019"]
[Site "Buenos Aires"]
[Date "2019.12.06"]
[Round "6.3"]
[White "Mareco, Sandro"]
[Black "Felgaer, Ruben"]
[Result "1/2-1/2"]
[WhiteElo "2637"]
[BlackElo "2560"]
[Annotator "TA"]
[PlyCount "85"]
[EventDate "2019.12.01"]
[EventType "tourn"]
[EventCountry "ARG"]
[SourceTitle "playchess.com"]
[Source "ChessBase"]
[SourceQuality "1"]

{[%evp 18,85,50,39,48,42,41,0,0,0,0,0,0,0,10,-28,-28,-52,-45,-59,-58,-49,-59,-72,-72,-64,-67,-70,-66,-64,-59,-71,-52,-39,-50,-50,-45,-61,-27,-37,-19,-19,-13,-18,-14,-35,-4,-6,-8,-25,-16,-47,-50,-59,0,0,0,0,0,0,0,0,0,0,0,0,0,0,0,0]} 1. e4 c5 2. Nf3 g6 3. c4 Nc6 4. d4 cxd4 5. Nxd4 Nf6 6. Nc3 d6 7. Be2 Nxd4 8. Qxd4 Bg7 9. Be3 O-O 10. Qd2 a5 {B36: Sicilian: Maroczy Bind: Gurgenidze System} (10... Bd7 11. f3 Bc6 12. O-O a5 13. b3 Nd7 14. Rab1 Nc5 15. Rfd1 Qc7 16. Bf1 Rfc8 17. Kh1 Qb6 18. a3 Qc7 19. Nd5 Qd8 20. Bg5 Bxd5 21. exd5 a4 22. b4 Nb3 23. Qe3 Bf6 {0-1 (51) Bu,X (2722)-Jones,G (2622) Hengshui 2019}) 11. Rd1 a4 12. c5 Be6 13. cxd6 Qxd6 14. Qxd6 exd6 15. a3 Rfd8 16. f3 $146 ({Predecessor:} 16. Bb6 Rd7 17. O-O Bb3 18. Rd2 {0-1 (56) Szelag,M (2466)-Kanarek,M (2519) Poland 2017}) 16... Bb3 17. Rd2 d5 18. e5 Nh5 $1 19. g4 Bxe5 {Strongly threatening ...d4.} 20. gxh5 d4 {[%mdl 64] [#] Double Attack} 21. Bg5 {And now Ne4 would win.} f6 22. Nxa4 {Nc5 is the strong threat.} fxg5 23. Nc5 $1 {[%cal Rc5b3]} Bf7 24. Nd3 Bf6 25. hxg6 Bxg6 26. O-O Rac8 27. Kg2 Re8 {[#] aiming for ...Rxe2+!} 28. Nf2 Be5 {Hoping for ...Bf4.} 29. Bb5 Red8 {White must now prevent ...Bf4.} 30. Bd3 Bf4 31. Re2 Bxd3 (31... Kf7 {feels hotter.} 32. Rd1 Rc7 33. h3 Kf6 34. Bxg6 Kxg6 35. Nd3 Be3) 32. Nxd3 Be3 33. Rd1 Kg7 34. Nf2 h5 35. Rd3 Re8 (35... b5 $15) 36. Nd1 $11 {The position is equal.} Bf4 37. Rxe8 Rxe8 38. Rxd4 {KRB-KRN} Re2+ 39. Kf1 Rxh2 40. Rd7+ Kg6 41. Rxb7 Rh1+ 42. Ke2 Rh2+ 43. Kf1 $1 {Accuracy: White = 63%, Black = 67%.} 1/2-1/2

[Event "Magistral Szmetan Giardelli 2019"]
[Site "Buenos Aires"]
[Date "2019.12.06"]
[Round "6.4"]
[White "Granda Zuniga, Julio E"]
[Black "Hoffman, Alejandro"]
[Result "0-1"]
[WhiteElo "2644"]
[BlackElo "2441"]
[Annotator "RC"]
[PlyCount "50"]
[EventDate "2019.12.01"]
[EventType "tourn"]
[EventCountry "ARG"]
[SourceTitle "playchess.com"]
[Source "ChessBase"]
[SourceQuality "1"]
[TimeControl "40/5400+30:1800+30"]

1. d4 {[%emt 0:00:00]} Nf6 {[%emt 0:00:00]} 2. c4 {[%emt 0:00:30]} e6 {[%emt 0:00:30]} 3. Nf3 {[%emt 0:00:30]} d5 {[%emt 0:09:55]} 4. e3 {[%emt 0:00:30]} Be7 {[%emt 0:00:30]} 5. b3 {[%emt 0:00:30]} O-O {[%emt 0:00:30]} 6. Bd3 {[%emt 0:00:30]} b6 {[%emt 0:00:30]} 7. O-O {[%emt 0:00:30]} Bb7 {[%emt 0:00:30]} 8. Bb2 {[%emt 0:00:30]} dxc4 {[%emt 0:00:30]} 9. bxc4 {[%emt 0:00:30]} c5 {[%emt 0:00:30]} 10. Nbd2 {[%emt 0:06:01]} Nc6 {[%emt 0:00:30]} 11. Rc1 {[%emt 0:14:40]} Re8 {[%emt 0:07:00]} 12. Bb1 {[%emt 0:05:30]} cxd4 {[%emt 0:08:00]} 13. exd4 {[%emt 0:00:30]} Bf8 {[%emt 0:00:30]} 14. Qe2 {[%emt 0:00:30]} g6 {[%emt 0:00:30]} 15. Rfd1 {[%emt 0:00:30]} Bh6 {[%emt 0:09:30]} 16. h4 {[%emt 0:16:59]} Nh5 {[%emt 0:00:30]} 17. a3 {[%emt 0:06:00]} Rc8 {[%emt 0:13:01]} 18. g3 {[%emt 0:08:51]} Qc7 {[%emt 0:10:49]} 19. Qe1 {[%emt 0:08:14]} Na5 {[%emt 0:09:06]} 20. Ng5 {[%emt 0:00:30]} Bg7 {[%emt 0:19:30]} 21. Ba2 {[%emt 0:00:30]} Rcd8 {[%emt 0:06:50]} 22. Qe3 {[%emt 0:08:40]} Nc6 23. Ndf3 {[%emt 0:00:30]} h6 24. Ne4 {[%emt 0:00:30]} f5 25. Ned2 {[%emt 0:00:30]} Nxg3 0-1

[Event "Magistral Szmetan Giardelli 2019"]
[Site "Buenos Aires"]
[Date "2019.12.06"]
[Round "6.5"]
[White "Flores, Diego"]
[Black "Delgado Ramirez, Neuris"]
[Result "0-1"]
[WhiteElo "2608"]
[BlackElo "2619"]
[Annotator "ChessBase"]
[PlyCount "118"]
[EventDate "2019.12.01"]
[EventType "tourn"]
[EventCountry "ARG"]
[SourceTitle "playchess.com"]
[Source "ChessBase"]
[SourceQuality "1"]
[TimeControl "40/5400+30:1800+30"]

1. c4 {[%emt 0:00:00]} b6 {[%emt 0:09:25]} 2. d4 {[%emt 0:00:30]} e6 {[%emt 0:13:10]} 3. Nc3 {[%emt 0:00:30]} Bb4 {[%emt 0:00:30]} 4. e3 {[%emt 0:07:31]} Bxc3+ {[%emt 0:00:30]} 5. bxc3 {[%emt 0:00:30]} Ne7 {[%emt 0:00:30]} 6. Bd3 {[%emt 0:06:59]} Nbc6 {[%emt 0:05:30]} 7. Qg4 {[%emt 0:17:31]} O-O {[%emt 0:00:30]} 8. Qh4 {[%emt 0:17:00]} f5 {[%emt 0:00:30]} 9. Nf3 {[%emt 0:06:00]} Ng6 {[%emt 0:04:30]} 10. Qh5 {[%emt 0:00:30]} Qe8 {[%emt 0:00:30]} 11. g4 {[%emt 0:08:30]} Bb7 {[%emt 0:00:30]} 12. Rg1 {[%emt 0:12:30]} Nb4 {[%emt 0:02:50]} 13. cxb4 {[%emt 0:00:30]} Bxf3 {[%emt 0:00:30]} 14. Qh3 {[%emt 0:04:20]} fxg4 {[%emt 0:00:30]} 15. Rxg4 {[%emt 0:00:30]} Bxg4 {[%emt 0:00:30]} 16. Qxg4 {[%emt 0:00:30]} e5 {[%emt 0:08:14]} 17. Bb2 {[%emt 0:00:30]} Qf7 {[%emt 0:09:06]} 18. Qg3 {[%emt 0:00:30]} Qe7 {[%emt 0:00:30]} 19. c5 {[%emt 0:03:50]} e4 {[%emt 0:03:30]} 20. Bc4+ {[%emt 0:00:30]} Kh8 {[%emt 0:00:30]} 21. Qxc7 {[%emt 0:00:30]} Qf6 {[%emt 0:00:30]} 22. Qg3 {[%emt 0:00:30]} bxc5 {[%emt 0:07:50]} 23. bxc5 {[%emt 0:00:30]} Rab8 {[%emt 0:00:30]} 24. Bc3 {[%emt 0:00:30]} Nh4 {[%emt 0:00:30]} 25. Rc1 {[%emt 0:00:30]} Nf5 {[%emt 0:00:30]} 26. Qg2 {[%emt 0:00:30]} Rbe8 {[%emt 0:00:30]} 27. Ke2 {[%emt 0:00:30]} d5 {[%emt 0:04:20]} 28. cxd6 {[%emt 0:00:30]} Nxd6 {[%emt 0:00:30]} 29. d5 {[%emt 0:00:30]} Qf3+ {[%emt 0:00:30]} 30. Qxf3 {[%emt 0:00:30]} exf3+ {[%emt 0:00:30]} 31. Kd3 {[%emt 0:00:30]} Ne4 {[%emt 0:06:00]} 32. Be1 {[%emt 0:00:30]} Rf5 {[%emt 0:09:30]} 33. Bb3 {[%emt 0:00:30]} Rg5 {[%emt 0:00:30]} 34. h4 {[%emt 0:00:30]} Rg1 {[%emt 0:00:30]} 35. Ba4 {[%emt 0:00:30]} Rxe1 {[%emt 0:00:30]} 36. Rxe1 {[%emt 0:00:30]} Nxf2+ {[%emt 0:04:20]} 37. Kc3 {[%emt 0:00:30]} Re5 {[%emt 0:00:30]} 38. Bb3 {[%emt 0:04:30]} Ng4 {[%emt 0:00:30]} 39. Kd4 {[%emt 0:00:30]} Rf5 {[%emt 0:02:40]} 40. d6 {[%emt 0:00:30]} Rf8 {[%emt 0:04:34]} 41. e4 f2 42. Rf1 Nh2 43. Bc4 Nxf1 44. Bxf1 Kg8 45. Bc4+ Kh8 46. Bf1 Kg8 47. e5 Kf7 48. Kd5 Ke8 49. e6 a6 50. a4 Rf3 51. a5 Ra3 52. Kc6 Rxa5 53. Bd3 g6 54. h5 Rxh5 55. Bxa6 Rh1 56. Bb5 f1=Q 57. Kc7+ Qxb5 58. d7+ Ke7 59. d8=Q+ Kxe6 0-1

[Event "Magistral Szmetan Giardelli 2019"]
[Site "Buenos Aires"]
[Date "2019.12.06"]
[Round "6.6"]
[White "Henriquez Villagra, Cristobal"]
[Black "Pichot, Alan"]
[Result "1/2-1/2"]
[WhiteElo "2593"]
[BlackElo "2588"]
[Annotator "TA"]
[PlyCount "29"]
[EventDate "2019.12.01"]
[EventType "tourn"]
[EventCountry "ARG"]
[SourceTitle "playchess.com"]
[Source "ChessBase"]
[SourceQuality "1"]

{[%evp 21,29,-12,0,-1,0,0,0,0,0,-8]} 1. d4 Nf6 2. Nf3 d5 3. e3 e6 4. Bd3 Bd6 5. O-O O-O 6. Nbd2 c5 7. c3 Nbd7 8. e4 cxd4 9. cxd4 dxe4 10. Nxe4 Nxe4 11. Bxe4 Nf6 {The position is equal.} 12. Bg5 {D05: Colle System with ...e6} h6 (12... Bd7 13. Ne5 Bb5 14. Ng4 Be7 15. Nxf6+ Bxf6 16. Bxf6 gxf6 17. Re1 f5 18. Bxb7 Rb8 19. Bf3 Bc4 {½-½ (70) Georgiev,V (2566)-Riff,J (2499) Mulhouse 2010}) 13. Bxf6 $1 Qxf6 14. Rc1 e5 $146 ({Predecessor:} 14... Rb8 15. Qe2 Qf4 16. Rc3 Qg4 17. Rfc1 Qh5 18. R1c2 g6 19. Ne5 Qxe2 20. Rxe2 {0-1 (65) Meul,W (1883)-Zimmermann,M (1978) Binz 2016}) 15. dxe5 1/2-1/2

[Event "Magistral Szmetan Giardelli 2019"]
[Site "Buenos Aires"]
[Date "2019.12.07"]
[Round "7.1"]
[White "Pichot, Alan"]
[Black "Slipak, Sergio"]
[Result "1-0"]
[WhiteElo "2588"]
[BlackElo "2384"]
[Annotator "TA"]
[PlyCount "45"]
[EventDate "2019.12.01"]
[EventType "tourn"]
[EventCountry "ARG"]
[SourceTitle "playchess.com"]
[Source "ChessBase"]
[SourceQuality "1"]

{[%evp 16,45,49,41,33,37,37,29,32,29,33,32,29,5,52,47,77,104,116,133,117,110,96,62,64,47,47,43,43,44,686,649]} 1. e4 e5 2. Nf3 Nf6 3. Nxe5 d6 4. Nf3 Nxe4 5. d4 d5 6. Bd3 Nd6 7. O-O Be7 8. Bf4 O-O 9. Re1 Nd7 {C42: Petroff Defence: 3 Nxe5 and unusual White 3rd moves} 10. a4 $146 {[%cal Ba2a4,Ba4a5][%mdl 32]} ({Predecessor:} 10. Nbd2 Nf6 11. h3 Re8 12. Re5 Bf8 13. b3 c6 14. c4 Nde4 15. Qc2 Nxd2 16. Bxd2 h6 17. Rxe8 Qxe8 {1-0 (39) Vallejo Pons,F (2697)-Siebrecht,S (2421) Germany 2011}) 10... Re8 11. a5 a6 {White has an edge.} 12. Nc3 {[%cal Bb1c3,Bc3a4,Ba4c5][%mdl 32]} Nf6 13. Ne5 Be6 14. Qf3 c6 15. Na4 $1 Qxa5 16. Nc5 Qd8 17. Nxe6 fxe6 18. Qh3 $36 {[%mdl 2048] White has strong initiative.} Bf8 19. Ng4 {[#] Strongly threatening Nxf6+.} Nde4 $1 20. f3 Nxg4 21. fxe4 Nf6 $1 22. Bg5 {[%mdl 1024] Threatens to win with e5. White has compensation.} h6 $2 {[%mdl 8192] [#]} (22... Qd7 $14) 23. e5 {Accuracy: White = 55%, Black = 53%.} 1-0

[Event "Magistral Szmetan Giardelli 2019"]
[Site "Buenos Aires"]
[Date "2019.12.07"]
[Round "7.2"]
[White "Delgado Ramirez, Neuris"]
[Black "Henriquez Villagra, Cristobal"]
[Result "1/2-1/2"]
[WhiteElo "2619"]
[BlackElo "2593"]
[Annotator "TA"]
[PlyCount "81"]
[EventDate "2019.12.01"]
[EventType "tourn"]
[EventCountry "ARG"]
[SourceTitle "playchess.com"]
[Source "ChessBase"]
[SourceQuality "1"]

{[%evp 11,81,-10,0,-17,0,-2,2,-32,0,0,0,-46,-49,-72,-67,-87,-35,-39,-38,-35,0,-51,0,-56,-56,-59,-14,-66,-47,-49,-43,-80,-66,-81,-52,-57,-58,-57,-20,-23,-32,-43,-37,-37,-36,-51,-51,-70,-65,-65,-65,-66,-65,-62,-30,-30,-30,-30,-30,-44,0,0,0,0,0,0,0,0,0,-21,-21,-21]} 1. b3 Nf6 2. Bb2 g6 3. g3 Bg7 4. Bg2 d6 5. c4 e5 6. Nc3 O-O 7. e4 {A01: Nimzowitsch-Larsen Opening} (7. e3 c6 8. d4 exd4 9. Qxd4 Bf5 10. Qd2 Nbd7 11. Nge2 Ne5 12. O-O Bh3 13. Rad1 Bxg2 14. Kxg2 Qa5 15. Qxd6 {1-0 (28) Hou,Y (2658)-Inarkiev,E (2732) Petropavlovsk Kamchatsky 2016}) 7... Nc6 8. Nge2 h5 9. h3 Nd4 $146 ({Predecessor:} 9... Nh7 10. d3 f5 11. Nd5 h4 12. exf5 gxf5 {1-0 (38) Genova,L (2221)-Padurariu,I (2212) Meci 2007}) 10. d3 c5 11. Nxd4 (11. Bc1 {with more complications.} Bd7 12. O-O h4 13. Bd2 Ne6 14. a4) 11... cxd4 12. Ne2 {[#]} h4 $1 {[%mdl 512]} 13. g4 (13. gxh4 Nh5) 13... b5 (13... g5 $17) 14. O-O bxc4 15. bxc4 g5 16. Ba3 ({White should try} 16. Nxd4 $1 $11 exd4 17. e5 Nxg4 18. Bxa8 Nxe5 19. Bg2) 16... Re8 (16... Nh7 $15) 17. Qd2 (17. Nxd4 $1 $11 exd4 18. e5 $1 {[%mdl 576] Discovered Attack} Rxe5 19. Bxa8 Bxg4 20. hxg4 Qxa8 21. f3 (21. Bxd6 Re6 $11)) 17... Nh7 $15 18. Rab1 Bf8 19. Rb3 ({Better is} 19. Nxd4 $11 exd4 {[#]} 20. e5 $1 {[%mdl 512]}) 19... Be6 20. Rfb1 Be7 21. Bf3 Nf8 22. Kh2 Nd7 23. Ng1 Qc8 24. Rb5 Rb8 25. Rxb8 Nxb8 26. Bd1 Qa6 27. Qc1 Nd7 28. Nf3 f6 29. Rb5 Nc5 30. Bxc5 dxc5 31. Qb2 Bd7 32. Rb3 Ra8 (32... Qd6 $5 {[%cal Rd7a4]} 33. Rb7 Ra8 $15) 33. Ra3 Qc8 34. Ba4 Be6 35. Rb3 Bd6 36. Rb7 {The position is equal.} Rb8 37. Bc6 Rxb7 38. Bxb7 Qb8 39. Qb5 Kf8 40. Nd2 Qc7 41. Bd5 {Accuracy: White = 48%, Black = 54%.} 1/2-1/2

[Event "Magistral Szmetan Giardelli 2019"]
[Site "Buenos Aires"]
[Date "2019.12.07"]
[Round "7.3"]
[White "Hoffman, Alejandro"]
[Black "Flores, Diego"]
[Result "1/2-1/2"]
[WhiteElo "2441"]
[BlackElo "2608"]
[Annotator "TA"]
[PlyCount "105"]
[EventDate "2019.12.01"]
[EventType "tourn"]
[EventCountry "ARG"]
[SourceTitle "playchess.com"]
[Source "ChessBase"]
[SourceQuality "1"]

{[%evp 17,105,31,37,40,46,36,45,42,65,72,62,62,54,47,56,50,56,38,65,72,62,60,67,52,66,27,68,45,64,60,56,57,62,58,70,53,64,72,72,20,35,31,79,86,124,115,113,6,2,3,3,3,3,4,3,6,14,0,5,16,31,35,43,47,71,54,102,115,95,108,106,105,156,155,205,203,187,13,9,7,18,0,0,0,0,0,0,0,0,0]} 1. d4 Nf6 2. c4 e6 3. Nf3 Bb4+ 4. Bd2 Qe7 5. g3 O-O 6. Bg2 Bxd2+ 7. Qxd2 d5 8. O-O Nbd7 9. Qc2 c6 10. Nbd2 {E11: Bogo-Indian} e5 (10... b6 11. e4 dxe4 12. Nxe4 Nxe4 13. Qxe4 Bb7 14. Ne5 Nxe5 15. dxe5 Rab8 16. Rad1 c5 17. Qf4 Bxg2 18. Kxg2 b5 19. Rd2 bxc4 20. Qxc4 Rb4 21. Qc3 Rd8 {½-½ (39) Leitao,R (2626)-Milos,G (2596) Americana 2010}) 11. cxd5 Nxd5 12. e4 {White is slightly better.} Nb4 13. Qc3 {[%cal Rd4e5]} exd4 14. Nxd4 Qc5 15. Rfc1 Qxc3 16. Rxc3 Rd8 $146 ({Predecessor:} 16... Nb6 17. a3 {½-½ (27) Camarena Gimenez,R (2399)-Granero Roca,A (2444) L'Alfas del Pi 2011}) 17. a3 Nb6 18. N2b3 Na6 19. a4 Nd7 20. f4 Nf8 21. a5 Nc7 22. Kf2 Nfe6 23. Ke3 Nxd4 24. Nxd4 Bd7 25. Rd1 Be8 26. Rcd3 Kf8 27. b4 g6 28. a6 (28. Bf3 $16) 28... bxa6 29. Rc1 Nb5 30. Nxc6 Rdc8 31. e5 Rc7 {[#] Strongly threatening ...Rac8.} 32. Rc5 (32. Rd2 $1 $16) 32... Rac8 $36 {[%cal Re8c6][%mdl 2048] Black fights for an advantage.} 33. Rd8 Rxd8 34. Nxd8 Rxc5 $1 35. bxc5 {[%mdl 4096] Endgame KBN-KBN} a5 $1 36. Kd3 a4 $1 37. Kc4 a3 {[#] Threatens to win with ...a2.} (37... Ke7 $5 38. Nb7 $8 (38. Nc6+ $2 Bxc6 39. Bxc6 a3 $19) 38... Bd7 $14) 38. Kb3 Ke7 $1 {[%cal Re7d8]} 39. Nb7 Bd7 $1 {[%cal Rd7e6] aiming for ...Be6+.} 40. Bd5 f6 41. Nd6 a2 42. exf6+ Kxf6 43. Ne4+ Ke7 44. Kxa2 Bf5 (44... Nd4 $142) 45. Kb3 $16 a5 46. Nd2 Nc7 47. Bc4 $2 ({White should play} 47. Bg2 $18) 47... Kd7 $11 {The position is equal.} 48. Ka4 Kc6 49. Bg8 Ne8 50. Kxa5 {Hoping for Kb4.} Nf6 51. Bf7 {Black must now prevent Kb4.} Kxc5 52. Nb3+ Kd6 53. Kb4 {Accuracy: White = 52%, Black = 50%.} 1/2-1/2

[Event "Magistral Szmetan Giardelli 2019"]
[Site "Buenos Aires"]
[Date "2019.12.07"]
[Round "7.4"]
[White "Felgaer, Ruben"]
[Black "Granda Zuniga, Julio E"]
[Result "0-1"]
[WhiteElo "2560"]
[BlackElo "2644"]
[Annotator "TA"]
[PlyCount "164"]
[EventDate "2019.12.01"]
[EventType "tourn"]
[EventCountry "ARG"]
[SourceTitle "playchess.com"]
[Source "ChessBase"]
[SourceQuality "1"]

{[%evp 14,164,53,42,50,21,26,13,16,21,18,14,20,14,28,22,43,39,47,37,26,16,19,18,6,17,23,26,31,33,33,35,37,7,40,37,43,37,43,43,34,39,35,0,4,-23,18,17,18,18,21,21,25,20,13,0,0,0,42,0,20,0,0,-5,-5,-5,-5,-43,-29,-55,-55,-62,-55,-55,-54,-61,-54,-59,-40,-47,-41,-86,-87,-87,-62,-87,-87,-118,-114,-113,-109,-168,-147,-306,-306,-310,-310,-310,-306,-310,-310,-297,-290,-310,-320,-296,-307,-316,-302,-307,-278,-263,-248,-322,-356,-337,-337,-466,-440,-678,-668,-626,-314,-2523,-3989,-29963,-29964,-12848,-9189,-29979,-29972,-29967,-29967,-29977,-29978,-29978,-29979,-29979,-29980,-29981,-29980,-29984,-29985,-29985,-29986,-29986,-29987,-29987,-29987,-29987,-29988,-29990,-29991]} 1. e4 e5 2. Nf3 Nf6 3. Nxe5 d6 4. Nf3 Nxe4 5. d4 d5 6. Bd3 Be7 7. O-O Nd6 8. Bf4 O-O {C42: Petroff Defence: 3 Nxe5 and unusual White 3rd moves} 9. Nc3 {[%cal Bb1c3,Bc3e2,Be2g3][%mdl 32]} (9. Re1 Re8 10. Nc3 c6 11. Ne2 Nd7 12. Ng3 Nf8 13. c3 Ng6 14. Bd2 Nh4 15. Nxh4 Bxh4 16. Rxe8+ Nxe8 17. Qf3 g6 18. Re1 Ng7 19. Bf4 Bd7 20. Be5 Qg5 {½-½ (20) Leko,P (2691)-Wang,Y (2690) Riadh 2017}) 9... c6 10. Ne2 Nd7 {The position is equal.} 11. c3 Re8 12. Qc2 Nf8 13. Rae1 Bg4 $146 ({Predecessor:} 13... f6 14. Ng3 Bg4 15. Re3 Nc4 16. Bxc4 dxc4 17. Nf5 Bxf5 18. Qxf5 Qd5 19. Nh4 Ng6 20. Qxd5+ cxd5 21. Nxg6 hxg6 22. Rfe1 Kf7 {½-½ (22) Schreiber,W (2325)-Ellis,B (2335) ICCF email 1997}) 14. Ne5 Be6 15. Ng3 f6 16. Nf3 Qd7 17. h4 Bd8 18. h5 Bc7 19. Nh4 Bf7 20. Nhf5 Rxe1 21. Rxe1 {Black must now prevent Re7.} Re8 22. Rxe8 Nxe8 23. Be3 Nd6 24. Qe2 Be6 {[%cal Rd6f5]} 25. Qf3 Nxf5 26. Nxf5 g6 {[%cal Re6f5]} 27. Nh6+ {[%mdl 64] Discovered Attack} Kg7 28. g4 Qd8 29. g5 f5 30. Bf4 Qb8 31. Bxc7 Qxc7 32. Qe3 Qd6 33. f4 Nd7 34. Kg2 Nb6 35. Kf3 Nc8 36. Kg3 Bd7 37. Kf3 Qe7 (37... Be6 {is interesting.}) 38. Qxe7+ Nxe7 39. hxg6 hxg6 $11 {[%mdl 4096] Endgame KBN-KBN} 40. Ke3 Be6 41. Kd2 Nc8 42. Ke3 Kf8 43. Kd2 Ke7 44. Ke3 Nd6 45. Ke2 b6 46. Bc2 Nc4 47. b3 Nd6 48. Kd3 Ne4 49. Bd1 c5 50. Bf3 Kd6 51. dxc5+ bxc5 52. Bg2 (52. c4 $17) 52... Ng3 53. Bf3 $2 {[#]} (53. Ke3 $17 {keeps fighting.}) 53... Nh5 $1 $19 54. Ke3 {[#]} d4+ $1 {[%mdl 576] Deflection} 55. cxd4 cxd4+ 56. Kxd4 Nxf4 57. Bd1 Nh3 58. a3 Nxg5 59. b4 Bd5 60. a4 Ne6+ 61. Ke3 Ke7 62. Bc2 Kf6 63. Ng8+ {[#]} Ke5 $1 {And now ...Nd4 would win.} 64. Ne7 f4+ 65. Kd2 g5 66. b5 (66. Bd1 $142 Be4 67. Bh5) 66... Nd4 67. Bd1 Be6 68. Be2 $2 (68. Kd3) 68... Kd6 69. Ng6 Nxe2 70. Kxe2 {KB-KN} Bd5 71. a5 Bf7 {Black mates.} 72. Nf8 g4 73. b6 axb6 74. axb6 g3 75. b7 Kc7 76. Nd7 Kxb7 77. Nc5+ Kc6 78. Ne4 Bc4+ 79. Ke1 Bd5 80. Nf6 Kd6 81. Nh5 Ke5 82. Kf1 Bf7 {Accuracy: White = 44%, Black = 76%.} 0-1

[Event "Magistral Szmetan Giardelli 2019"]
[Site "Buenos Aires"]
[Date "2019.12.07"]
[Round "7.5"]
[White "Perez Ponsa, Federico"]
[Black "Mareco, Sandro"]
[Result "0-1"]
[WhiteElo "2560"]
[BlackElo "2637"]
[Annotator "TA"]
[PlyCount "72"]
[EventDate "2019.12.01"]
[EventType "tourn"]
[EventCountry "ARG"]
[SourceTitle "playchess.com"]
[Source "ChessBase"]
[SourceQuality "1"]

{[%evp 13,72,19,21,26,24,6,47,35,54,52,41,6,56,0,27,25,30,14,10,9,13,10,7,0,5,5,38,6,8,8,8,6,15,4,23,-14,-7,-10,-13,-12,-10,-8,0,0,0,0,0,0,0,0,0,-6,0,0,0,0,0,0,0,-722,-713]} 1. d4 Nf6 2. c4 e6 3. Nc3 Bb4 4. Qc2 d5 5. cxd5 exd5 6. Bg5 h6 7. Bh4 O-O 8. e3 {E35: Nimzo-Indian: Classical: 4...d5 5 cxd5 exd5} Be6 (8... c5 9. dxc5 Be6 10. Nf3 Nbd7 11. Be2 Rc8 12. c6 Rxc6 13. Nd4 Rc8 14. O-O Qe7 15. Qb3 Bxc3 16. bxc3 Nc5 17. Bxf6 Qxf6 18. Qb4 b6 19. a4 Qg6 20. a5 Ne4 21. Nxe6 Qxe6 {½-½ (21) Howell,D (2697)-Adams,M (2690) Torquay 2019}) 9. Bd3 Nbd7 {[%cal Bb8d7,Bd7b6,Bb6c4][%mdl 32]} 10. Nge2 {White is slightly better.} c5 11. a3 Bxc3+ 12. bxc3 Rc8 $146 ({Predecessor:} 12... Re8 13. O-O Rc8 {0-1 (56) Cirilo,G (1920)-Takeda,L (1862) Sao Paulo 2012}) 13. O-O ({Better is} 13. Qb1 $14) 13... cxd4 (13... c4 $5 {[%cal Rc4d3]} 14. Bh7+ Kh8 $11) 14. exd4 Nb6 15. Nf4 Bd7 {[#] Strongly threatening ...g5.} 16. Nh5 {aiming for Bxf6.} g5 17. Nxf6+ Qxf6 18. Bg3 Nc4 19. a4 b6 20. Rfe1 (20. a5 $5) 20... Rfe8 21. Rxe8+ Rxe8 22. h3 Qe6 23. Kh2 h5 24. h4 gxh4 25. Bxh4 Qg4 26. Bg3 h4 27. Bc7 Rc8 28. Bxc4 dxc4 29. Be5 f6 30. Bd6 Re8 $40 {[%mdl 128] Hoping for ...Re2. Black is up to no good.} 31. f3 Qg5 32. Qf2 Kg7 33. Re1 Qd5 34. Bf4 Qf5 35. Bc7 Bxa4 36. Qxh4 $2 {[%mdl 8192] [#]} (36. Rxe8 $11 Bxe8 37. Qxh4) 36... Rh8 $1 {Accuracy: White = 64%, Black = 51%.} 0-1

[Event "Magistral Szmetan Giardelli 2019"]
[Site "Buenos Aires"]
[Date "2019.12.07"]
[Round "7.6"]
[White "Ricardi, Pablo"]
[Black "Santiago, Yago De Moura"]
[Result "0-1"]
[WhiteElo "2493"]
[BlackElo "2479"]
[Annotator "TA"]
[PlyCount "64"]
[EventDate "2019.12.01"]
[EventType "tourn"]
[EventCountry "ARG"]
[SourceTitle "playchess.com"]
[Source "ChessBase"]
[SourceQuality "1"]

{[%evp 10,64,6,0,0,-1,0,0,0,0,0,0,-5,-24,0,0,0,0,38,21,8,-74,-39,-56,-45,-95,0,0,0,-8,0,-41,-2,-15,-13,-95,0,0,0,0,0,-87,-89,-295,-284,-297,-294,-292,-284,-297,-201,-280,-280,-292,-291,-291,-275]} 1. Nf3 Nf6 2. c4 e6 3. g3 d5 4. b3 a5 5. Bg2 a4 6. O-O axb3 {A13: English Opening: 1...e6} 7. Qxb3 Nc6 (7... Be7 8. d4 O-O 9. Nbd2 Nc6 10. Bb2 Na5 11. Qc2 c6 12. Rfb1 b6 13. Bc3 Nd7 14. e3 Qc7 {½-½ (14) Rechlis,G (2526)-Soffer,R (2477) Israel 2019}) 8. cxd5 exd5 {The position is equal.} 9. d3 Be7 10. Nc3 O-O 11. Bf4 $146 ({Predecessor:} 11. e4 Na5 12. Qc2 d4 13. Nb5 c5 {0-1 (41) Husain,S (2250)-Southam,T (2335) Toronto 1990}) 11... Na5 12. Qc2 c6 13. e4 b5 14. exd5 {Black should prevent Ne5.} b4 15. dxc6 (15. Na4 $11 {keeps the balance.}) 15... bxc3 $17 16. c7 Qe8 $1 17. Nd4 $1 Ra6 ({Better is} 17... Bb7 $17 18. Bxb7 Nxb7) 18. Qxc3 $11 Qd7 {Strongly threatening ...Nd5.} 19. Rfe1 $1 Bd6 20. Bxd6 Rxd6 21. Qxa5 {Nb3 is the strong threat.} Rxd4 22. Rab1 (22. a4 $11) 22... Ra4 ({Black should try} 22... Rxd3 $17 23. Rec1 Rd2) 23. Qc5 Rxa2 24. Rb8 Re8 25. Rc1 {[#]} (25. Rxe8+ $1 $11 Nxe8 26. Bb7 Ra1+ 27. Kg2 Qh3+ 28. Kf3 Qg4+ 29. Kg2 Qh3+ 30. Kf3 Qg4+ 31. Kg2 Qh3+) 25... Rae2 $1 $17 {[%cal Re2e1] And now ...Re1+ would win.} (25... Qxd3 26. Bb7 $14) 26. Qa5 $2 {[#]} (26. Rbb1 $17) 26... Qd4 $1 $19 27. Qb6 Qxb6 ({Weaker is} 27... Qxd3 28. Rxc8 Rxc8 29. Bb7 $17) 28. Rxb6 Re1+ 29. Rxe1 Rxe1+ 30. Bf1 Ne8 {( -> ...Bh3). Black has a decisive advantage.} ({Inferior is} 30... Rc1 {[#]} 31. Rb8 $1 $16 {[%mdl 512]}) 31. Rb8 Nd6 32. f4 Kf8 {Accuracy: White = 49%, Black = 78%.} 0-1